Ali Hamzeh

N/A


Categories

Literature - European84001602963.3313
Science - Physics66001502863.4236
Fine Arts - Music45001104382.5613
Science - Chemistry61001003752.5703
Literature - World and Miscellaneous3400853376.8602
Science - Biology4200803359.3301
RMP - Philosophy4100702659.4023
RMP - World Mythology3200654856.8002
Literature - American3200654380.2000
Fine Arts - Painting3000454553.0002
Literature - British2100405381.6700
RMP - Greco-Roman Mythology1200356385.3300
Other - Other Academic and General Knowledge1200354774.6712
Science - Computer Science1100252744.5001
Fine Arts - Opera1100257588.0000
Science - Engineering and Miscellaneous02002096103.5000
Fine Arts - Jazz0200207382.0000
RMP - Islam02002079101.0000
Science - Astronomy0200206390.5011
Science - Math1000154848.0011
Social Science - Psychology0100106464.0000
Fine Arts - Ballet/Dance010010121121.0000
Fine Arts - Miscellaneous0100108484.0000
RMP - Other Religion0100108888.0000
Science - Earth010010115115.0000
Social Science - Linguistics0100105959.0000
Current Events - World0100109898.0000
RMP - Jewish Practice000000.0000
History - World000000.0000

Buzzes

Science - Physicselectrically charged014
Science - Physicselectron AND positron024
RMP - PhilosophyScotland2026
Science - Computer Sciencetrees2027
Science - Physicsspin angular momentum2028
RMP - World MythologyMordred028
Literature - EuropeanAnton Chekhov2029
Science - Physicsmoment of inertia2029
Science - Biologylichens030
Science - PhysicsCarl Friedrich Gauss2032